000 01182nam a2200265 i 4500
001 14594
003 ES-MaACL
005 20240507102845.0
007 t|
008 990429q1995 sp 2006 |||| | spa d
020 _a84-7506-425-6
080 _a821.134.2-82"18"
100 1 _aAlas, Leopoldo
_d1852-1901
_9226375
245 1 0 _aObras completas /
_cLeopoldo Alas "Clarín" ; [edición y prólogo de Santos Sanz Villanueva].
260 _aMadrid :
_bTurner,
_c[1995-2006]
300 _a<1-6> v. ;
_c23 cm.
490 1 _aBiblioteca Castro
500 _aV. 3, 5-6 publ. por Fundación José Antonio de Castro.
504 _aBibliografía.
505 8 _aContiene: v. 1. La Regenta - v. 2. Pipá ; Doña Berta, Cuervo, Superchería ; El Señor y los demás, son cuentos - v. 3. Su único hijo ; Relatos sueltos y narraciones incompletas ; Teatro - v. 4. Folletos literarios - v. 5. Solos de "Clarín" ; La literatura en 1881 ; Sermón perdido - v. 6. Nueva campaña ; Mezclilla ; Alcalá Galiano ; Benito Pérez Galdós
700 0 _aSanz Villanueva, Santos,
_d1948-
_9103692
830 0 _aBiblioteca Castro
_9178957
852 _aES-MaACL
_jP-1953
999 _c14594
_d14594